The liberal and evolution to stable democracy in Nigeria (Record no. 35945)

MARC details
000 -LEADER
fixed length control field 00438nam a2200169Ia 4500
020 ## - INTERNATIONAL STANDARD BOOK NUMBER
ISBN 9789789172160
050 ## - CALL MARK
Classification number DT 515.8 .U43/
100 ## - STATEMENT OF RESPONSIBILITY--MAIN AUTHOR NAME
Personal name Abdullahi, Modibbo Umar
245 #4 - TITLE STATEMENT
Title The liberal and evolution to stable democracy in Nigeria
260 ## - PUBLICATION, DISTRIBUTION, ETC. (IMPRINT)
Place of publication Kaduna
260 ## - PUBLICATION, DISTRIBUTION, ETC. (IMPRINT)
Name of publisher BEnmark International Ltd
260 ## - PUBLICATION, DISTRIBUTION, ETC. (IMPRINT)
Year of publication 2012
300 ## - PHYSICAL DESCRIPTION
Number of Pages 604 p
942 ## - ADDED ENTRY ELEMENTS (KOHA)
Koha item type Books
Holdings
Withdrawn status Lost status Source of classification or shelving scheme Damaged status Not for loan Permanent Location Current Location Date acquired Accession Number Price effective from Koha item type
    Library of Congress Classification     NILE UNIVERSITY OF NIGERIA - MAIN LIBRARY NILE UNIVERSITY OF NIGERIA - MAIN LIBRARY 04/23/2025 0009700 04/23/2025 Books